00535cam a2200145 a 4500008004100000020001500041035001200056050002500068100003000093245010100123260006600224300002500290600003300315650004100348040810s1974 mau 000 0 eng u a0674192753 aa43927000aQP26 .B47 bH65 19741 aHolmes, Frederic Lawrence10aClaude Bernard and animal chemistry :bthe emergence of a scientist /cFrederic Lawrence Holmes. aCambridge, Massachusetts :bHarvard University Press, c1974. axx, 541 p. ;c25 cm.1 aBernard, Claude, d1813-1878 0aFisiología experimental xHistoria